000 00686nam a2200253Ia 4500
003 OSt
005 20220918163236.0
006 a|||||r|||| 00| 0
007 ta
008 220917b |||||||| |||| 00| 0 eng d
020 _a0 435 18720 1
024 _a32,320
037 _cTextual
040 _aARTS
_cARTS
_beng
041 _2eng
_aeng
082 _aO111,3:gL, L0
100 _aPreston John
_912245
245 0 _aCreated self
_b The reader's role in 18th century fiction
260 _aLondon
_bHeinemann UK
_c1970
300 _a220p.
_ccm.
650 _aENGLISH LITERATURE
942 _hO111,3:gL, L0
_cTEXL
_2CC
999 _c118680
_d118680